00374 a2200097 4500001001000000005001700010008004100027245005400068100002300122773013100145ART_2356120260410161931.0260409a 10aBalances y utilidades de las socieddes anónimas1 aWajchman, Mauricio0 tRevista de la Facultad de Ciencias Económicas de la Universidad de Cuyog- Año XVIII, Nº 52/54 (ene./dic. 1966)wREV22981